000 00270nam a2200109Ia 4500
008 260210s9999 xx 000 0 und d
020 _a9791189659370
100 _aArchilab
245 0 _aNeighborhood Facility Vol 6 (Price Printed)
260 _bArchilab
942 _cBPLAN
999 _c14215
_d14215